书目信息 |
| 题名: |
青草绿了又枯了
|
|
| 作者: | 严平 著 | |
| 分册: | ||
| 出版信息: | 北京 人民文学出版社 2019.08 |
|
| 页数: | 351页, [12] 页图版 | |
| 开本: | 23cm | |
| 丛书名: | ||
| 单 册: | ||
| 中图分类: | I253.5 | |
| 科图分类: | ||
| 主题词: | 纪实文学--ji shi wen xue--中国--当代 | |
| 电子资源: | ||
| ISBN: | 978-7-02-015176-9 | |
| 000 | 00909nam0 2200241 450 | |
| 001 | 2063476151 | |
| 005 | 20201106173802.86 | |
| 010 | @a978-7-02-015176-9@dCNY58.00 | |
| 100 | @a20191014d2019 em y0chiy50 ea | |
| 101 | 0 | @achi |
| 102 | @aCN@b110000 | |
| 105 | @aaf z 000zy | |
| 200 | 1 | @a青草绿了又枯了@Aqing cao lv le you ku le@e寻找战火中的父辈@f严平著 |
| 210 | @a北京@c人民文学出版社@d2019.08 | |
| 215 | @a351页, [12] 页图版@c图@d23cm | |
| 314 | @a严平, 中国社会科学院文学所研究员。 | |
| 330 | @a本书围绕郭沫若领导下的“三厅”抗战演剧团, 共十个抗敌演剧队、四个抗敌宣传队, 在激荡的历史潮流中的英勇事迹为中心, 展现了一群肩负特殊使命的爱国者的故事。 | |
| 517 | 1 | @a寻找战火中的父辈@Axun zhao zhan huo zhong de fu bei |
| 606 | 0 | @a纪实文学@Aji shi wen xue@y中国@z当代 |
| 690 | @aI253.5@v5 | |
| 701 | 0 | @a严平@Ayan ping@c(文艺)@4著 |
| 801 | 0 | @aCN@b人天书店@c20201005 |
| 905 | @aZUCC@dI253.5@eY056 | |
| 青草绿了又枯了:寻找战火中的父辈/严平著.-北京:人民文学出版社,2019.08 |
| 351页, [12] 页图版:图;23cm |
| ISBN 978-7-02-015176-9:CNY58.00 |
| 本书围绕郭沫若领导下的“三厅”抗战演剧团, 共十个抗敌演剧队、四个抗敌宣传队, 在激荡的历史潮流中的英勇事迹为中心, 展现了一群肩负特殊使命的爱国者的故事。 |
| ● |
| 相关链接 |
|
|
|
正题名:青草绿了又枯了
索取号:I253.5/Y056
 
预约/预借
| 序号 | 登录号 | 条形码 | 馆藏地/架位号 | 状态 | 备注 |
| 1 | 1483450 | 214834508 | 文学库108/108文学库 68排5列4层/ [索取号:I253.5/Y056] | 在馆 | |
| 2 | 1483451 | 214834517 | 文学库108/108文学库 68排5列4层/ [索取号:I253.5/Y056] | 在馆 | |
| 3 | 1483452 | 214834526 | 文学库108/108文学库 68排5列4层/ [索取号:I253.5/Y056] | 在馆 |